Kātal paricu. (Record no. 54170)

MARC details
000 -LEADER
fixed length control field 00508cam a22002171 4500
001 - CONTROL NUMBER
control field sa 63001821
003 - CONTROL NUMBER IDENTIFIER
control field DLC
005 - DATE AND TIME OF LATEST TRANSACTION
control field 20260227111930.0
008 - FIXED-LENGTH DATA ELEMENTS--GENERAL INFORMATION
fixed length control field 950123s1962 ii 000 1 tamo
010 ## - LIBRARY OF CONGRESS CONTROL NUMBER
LC control number sa 63001821
025 ## - OVERSEAS ACQUISITION NUMBER
Overseas acquisition number PL480:I-T-80
035 ## - SYSTEM CONTROL NUMBER
System control number (OCoLC)31873993
040 ## - CATALOGING SOURCE
Original cataloging agency DLC
Transcribing agency CU
Modifying agency CU
-- DLC
042 ## - AUTHENTICATION CODE
Authentication code premarc
050 00 - LIBRARY OF CONGRESS CALL NUMBER
Classification number PL4758.9.S47
Item number K32
100 1# - MAIN ENTRY--PERSONAL NAME
Personal name Shanmugam, R.,
Dates associated with a name 1926-
245 10 - TITLE STATEMENT
Title Kātal paricu.
260 ## - PUBLICATION, DISTRIBUTION, ETC.
Date of publication, distribution, etc. [1962]
300 ## - PHYSICAL DESCRIPTION
Extent 127 p.
Dimensions 19 cm.
500 ## - GENERAL NOTE
General note In Tamil.

No items available.

Powered by Koha